Nová methoda stanovení čpavku ve stájovém ovzduší /

Hlavní autor: Kudělka, Erich
Korporativní autor: Vysoká škola zemědělská v Brně. Veterinární fakulta
Jazyk: Čeština
Vydáno: Brno : Erich Kudělka, 1953
Fyzický popis: 43 s., příl.
Knihy
Uloženo v:
LEADER 00731nam a2200205 a 4500
001 000616163
003 CZ BrMZK
005 20040421141438.0
007 ta
008 020810s1953 xr f cze d
040 |a BOA001  |b cze  |c BOA001 
100 1 |a Kudělka, Erich  |4 dis 
245 1 0 |a Nová methoda stanovení čpavku ve stájovém ovzduší /  |c Erich Kudělka 
260 |a Brno :  |b Erich Kudělka,  |c 1953 
300 |a 43 s., příl. 
502 |a Disertace -- Vysoká škola zemědělská v Brně, 1953 
710 2 |a Vysoká škola zemědělská v Brně.  |b Veterinární fakulta  |7 kn20010710397 
910 |a BOA001  |b 4-0309.755 
990 |a BK 
996 6 |b BC-43238  |c 4-0309.755  |l MZK  |r Sklad / do 24 hodin  |n 0  |w 000616163  |u 000010  |a 1  |e BOA001  |j MZK50  |s P